[Event "Mumbai Wealth U13 op 5th"]
[Site "Mumbai"]
[Date "2020.01.07"]
[Round "9"]
[White "Sanskar, Gaigore"]
[Black "Mota, Khant"]
[Result "1-0"]
[WhiteElo "1379"]
[BlackElo "1120"]
[PlyCount "127"]
[EventDate "2019.12.30"]
[EventType "swiss"]
[EventRounds "9"]
[EventCountry "IND"]
[SourceTitle "CBM 194 Extra"]
[Source "ChessBase"]
[SourceDate "2020.03.31"]
[SourceVersion "1"]
[SourceVersionDate "2020.03.31"]
[SourceQuality "1"]

1. d4 d5 2. Nf3 Nf6 3. Bf4 e6 4. e3 Nbd7 5. Bd3 Be7 6. 0-0 0-0 7. h3 c5 8. c3 b6 9. Nbd2 Bb7 10. Ne5 Rc8 11. Qe2 c4 12. Bc2 a6 13. Ndf3 Ne4 14. Nxd7 Qxd7 15. Ne5 Qd8 16. Bxe4 dxe4 17. Nxc4 Bd5 18. Nd2 b5 19. Rfd1 f5 20. Bh2 Qe8 21. Rac1 g5 22. g3 Qg6 23. Re1 Bd6 24. b3 f4 25. exf4 Bxf4 26. gxf4 gxf4+ 27. Qg4 Qxg4+ 28. hxg4 h5 29. g5 Rf5 30. Nxe4 Bxe4 31. Rxe4 Rxg5+ 32. Kf1 f3 33. Rf4 Rf8 34. Rxf8+ Kxf8 35. Ke1 h4 36. Kd2 Rg2 37. Bd6+ Ke8 38. Ke3 h3 39. Rh1 Kd7 40. Bg3 h2 41. Bxh2 Rg8 42. Kxf3 Rc8 43. Rc1 a5 44. Ke3 a4 45. b4 Rc4 46. f4 Ke7 47. Ke4 Kf6 48. Bg3 Rc8 49. Bh4+ Kg6 50. Bg5 a3 51. Ke5 Re8 52. c4 Rc8 53. c5 Kf7 54. c6 Rc7 55. Kd6 Ra7 56. c7 Ra8 57. c8Q Rxc8 58. Rxc8 Kg7 59. Kxe6 Kh7 60. Kf5 Kg7 61. Bf6+ Kf7 62. Rc7+ Ke8 63. Ke6 Kf8 64. Rc8# 1-0

[Event "Mumbai Wealth U13 op 5th"]
[Site "Mumbai"]
[Date "2020.01.06"]
[Round "8"]
[White "Yug, Desai"]
[Black "Sanskar, Gaigore"]
[Result "0-1"]
[WhiteElo "1198"]
[BlackElo "1379"]
[PlyCount "202"]
[EventDate "2019.12.30"]
[EventType "swiss"]
[EventRounds "9"]
[EventCountry "IND"]
[SourceTitle "CBM 194 Extra"]
[Source "ChessBase"]
[SourceDate "2020.03.31"]
[SourceVersion "1"]
[SourceVersionDate "2020.03.31"]
[SourceQuality "1"]

1. e4 g6 2. d4 Bg7 3. Nf3 d6 4. Nc3 a6 5. Be3 e6 6. Qd2 h6 7. 0-0-0 b5 8. a3 Bb7 9. Bd3 Ne7 10. h4 c6 11. Ne2 a5 12. Kb1 Na6 13. Ng3 Qb6 14. Rhe1 d5 15. e5 Bc8 16. b3 Bd7 17. Be2 b4 18. a4 Rb8 19. Qd3 Nc7 20. Qd2 Bc8 21. Nh2 Ba6 22. f4 h5 23. Nf3 Bxe2 24. Qxe2 Na6 25. Qf2 Nc8 26. Rd2 Na7 27. Rdd1 Rb7 28. Rd2 Kd8 29. Ne2 Kc8 30. Nc1 Kb8 31. Nd3 Rc8 32. Rdd1 Bf8 33. Rd2 Rcc7 34. Rdd1 Nc8 35. Ng5 Bh6 36. Nf3 Ne7 37. Qg1 Nf5 38. Bf2 Rc8 39. Rd2 Rbc7 40. Rdd1 Bf8 41. Rd2 Qb7 42. Nc5 Nxc5 43. dxc5 Ng7 44. Bd4 Qa7 45. Ree2 Rd7 46. Ne1 Nf5 47. Bf2 Rcd8 48. Nf3 Ng7 49. Bd4 Ne8 50. Ne1 Bg7 51. Nd3 Bf8 52. Ne1 Ng7 53. Bf2 Nf5 54. Nf3 Be7 55. g3 Qa6 56. Re1 d4 57. Red1 Bxc5 58. Qe1 Ba7 59. Rd3 c5 60. Nd2 Ne7 61. Nc4 Nd5 62. Kb2 Nc3 63. Ra1 Nd5 64. Rad1 Ka8 65. Qe4 Kb8 66. Qe1 Bb6 67. R1d2 Bc7 68. Rd1 Nb6 69. Nxb6 Bxb6 70. Rf3 Rd5 71. Qe4 Ba7 72. Qd3 Qxd3 73. cxd3 Rf8 74. Re1 Kc7 75. Kc2 Kd7 76. Kd2 Bb8 77. Bg1 f6 78. exf6 Rxf6 79. Rff1 Rdf5 80. Ke2 e5 81. fxe5 Rxe5+ 82. Kd2 Rxe1 83. Kxe1 Bxg3+ 84. Ke2 Rxf1 85. Kxf1 Bxh4 86. Kg2 Bd8 87. Kf3 Ke6 88. Kf4 g5+ 89. Kg3 Kf5 90. Bf2 Bc7+ 91. Kh3 Bf4 92. Kg2 Kg4 93. Be1 h4 94. Bf2 h3+ 95. Kh1 Kf3 96. Bg1 g4 97. Bf2 g3 98. Be1 g2+ 99. Kg1 Be3+ 100. Kh2 g1Q+ 101. Kxh3 Qh1# 0-1